| 000 | 00893nam a2200181Ia 4500 | ||
|---|---|---|---|
| 008 | 100920s9999 xx 000 0 und d | ||
| 082 |
_b88639 _a930 थ 29 |
||
| 100 | _aअभ्यंकर गणेश रघुनाथ . | ||
| 245 | _aमिरज संस्थानातील सारावाढ आणि रयतांचा सत्याग्रह. | ||
| 260 |
_bकेतकर गजानन विश्वनाथ, पुणे. _c1929 |
||
| 300 |
_a175 _bसाधी |
||
| 365 | _b1 | ||
| 520 | _aइतिहास. | ||
| 630 | _aमिरज संस्थानातील सारावाढ आणि रयतांचा सत्याग्रह. | ||
| 650 | _aइतिहास. | ||
| 730 | _aमिरज संस्थानातील सारावाढ आणि रयतांचा सत्याग्रह. | ||
| 942 | _cBOOK | ||
| 999 |
_c729142 _d729139 |
||